000 00760nam a2200217 a 4500
999 _c1448
_d1448
001 1448
003 BD-JhCC
005 20171104191059.0
008 171019s1394 ii |||| ||a| 000 0 ben d
035 _a(BD-JhCC)1448
040 _aBD-JhCC
_dBD-JhCC
041 _aben
082 _a891.4435
_bMUK 1394
100 _aমুখোপাধ্যায়, বিভূতিভূষণ
245 _aস্ব-নির্বাচিত শ্রেষ্ঠ গল্প /
_cবিভূতিভূষণ মুখোপাধ্যায়,
260 _aকলকাতা :
_bমডেল পাবলিশিং হাউস,
_c1394
300 _a345 p.;
_c24 cm.
650 _aCollection of Stories, Bengali
942 _2ddc
_cBK